[Event "Canarias-chT"]
[Site "Vecindario"]
[Date "2019.06.14"]
[Round "2.4"]
[White "Sanchez Gonzalez, Jesus German"]
[Black "Alhambra Zarco, Raul"]
[Result "0-1"]
[WhiteElo "1655"]
[BlackElo "1554"]
[PlyCount "68"]
[EventDate "2019.06.13"]
[EventType "team-swiss"]
[EventRounds "6"]
[EventCountry "ESP"]
[SourceTitle "EXT 2020"]
[Source "ChessBase"]
[SourceDate "2019.10.17"]
[SourceVersion "1"]
[SourceVersionDate "2019.10.17"]
[SourceQuality "1"]
[WhiteTeam "Hotel Avda de Canarias II"]
[BlackTeam "Panaderia Pulido San Mateo"]
[WhiteTeamCountry "ESP"]
[BlackTeamCountry "ESP"]

1. d4 e6 2. c4 f5 3. Nf3 Nf6 4. Nc3 c6 5. a3 d5 6. c5 Nbd7 7. Bf4 Be7 8. e3 0-0 9. Be2 Ne4 10. Nxe4 fxe4 11. Ne5 Bf6 12. Nxd7 Bxd7 13. 0-0 Bg5 14. Bg3 Bh4 15. Bd6 Be7 16. Bxe7 Qxe7 17. f4 exf3 18. Rxf3 e5 19. Rxf8+ Rxf8 20. Qd2 Qg5 21. Rf1 Re8 22. Rf3 e4 23. Rf4 Rf8 24. Rxf8+ Kxf8 25. Bf1 h5 26. Qf2+ Ke7 27. h4 Qh6 28. Qg3 b5 29. Be2 a5 30. Qe5+ Kf8 31. Kf2 Be8 32. Kg3 Qxe3+ 33. Bf3 Qe1+ 34. Kh2 Qxh4+ 0-1

[Event "Las Palmas Insular-chT Segunda 1718"]
[Site "Las Palmas"]
[Date "2018.02.03"]
[Round "7.3"]
[White "Alhambra Zarco, Raul"]
[Black "Garcia Cruz, Jose Manuel"]
[Result "1-0"]
[WhiteElo "1551"]
[BlackElo "1359"]
[PlyCount "61"]
[EventDate "2017.10.28"]
[EventType "team-swiss"]
[EventRounds "9"]
[EventCountry "ESP"]
[SourceTitle "EXT 2021"]
[Source "ChessBase"]
[SourceDate "2020.10.23"]
[SourceVersion "1"]
[SourceVersionDate "2020.10.23"]
[SourceQuality "1"]
[WhiteTeam "Panaderia Pulido San Mateo II"]
[BlackTeam "Fundacion La Caja de Canarias IV"]
[WhiteTeamCountry "ESP"]
[BlackTeamCountry "ESP"]

1. d4 Nf6 2. Nf3 g6 3. Bg5 Bg7 4. e3 0-0 5. Nbd2 d6 6. Be2 Nbd7 7. 0-0 c5 8. c3 a6 9. a4 b6 10. Qb3 Bb7 11. Rfd1 Ne4 12. Nxe4 Bxe4 13. Nd2 Bb7 14. Nc4 Bd5 15. Qc2 Rc8 16. Nxd6 Rc7 17. Ne4 cxd4 18. exd4 f6 19. Bf4 Ra7 20. Ng3 Qa8 21. Bf1 b5 22. axb5 axb5 23. Rxa7 Qxa7 24. Bxb5 Nb6 25. Bd3 f5 26. Re1 Qb7 27. Bf1 h6 28. Qc1 Nc4 29. Bxh6 Nxb2 30. Bxg7 Kxg7 31. Qg5 1-0

[Event "Las Palmas Insular-chT Segunda-B 1617"]
[Site "Las Palmas"]
[Date "2017.01.21"]
[Round "9.1"]
[White "Melian Santana, Juan"]
[Black "Alhambra Zarco, Raul"]
[Result "0-1"]
[WhiteElo "1158"]
[BlackElo "1615"]
[PlyCount "83"]
[EventDate "2016.10.22"]
[EventType "team-tourn"]
[EventRounds "14"]
[EventCountry "ESP"]
[SourceTitle "EXT 2018"]
[Source "ChessBase"]
[SourceDate "2017.10.13"]
[SourceVersion "1"]
[SourceVersionDate "2017.10.13"]
[SourceQuality "1"]
[WhiteTeam "Sociedad La Montana III"]
[BlackTeam "Panaderia Pulido San Mateo"]
[WhiteTeamCountry "ESP"]
[BlackTeamCountry "ESP"]

1. e4 e6 2. e5 d5 3. d4 c5 4. Nf3 Nc6 5. c3 Qb6 6. b3 Nge7 7. Be3 Nf5 8. Qd2 Be7 9. Be2 0-0 10. 0-0 Bd7 11. Rd1 f6 12. exf6 Rxf6 13. Bg5 Rf7 14. Bxe7 Rxe7 15. dxc5 Qxc5 16. b4 Qb6 17. b5 Na5 18. Qg5 Bxb5 19. Bxb5 Qxb5 20. Nbd2 Qc5 21. Nd4 Nxd4 22. cxd4 Qd6 23. Re1 Rf8 24. Nf3 Nc6 25. Qd2 Qf4 26. Qd3 Rf6 27. a3 Ref7 28. Re3 Qg4 29. h3 Qg6 30. Qd2 Rxf3 31. Rxf3 Rxf3 32. Rf1 Rd3 33. Qf4 Qf7 34. Qg4 Rxd4 35. f4 Re4 36. Qg3 Nd4 37. Kh2 Nf5 38. Qd3 Qf6 39. Qd2 Qh4 40. Rc1 Re3 41. Qd1 Qxf4+ 42. Kg1 0-1

[Event "Las Palmas Insular-chT Pref-B"]
[Site "Las Palmas"]
[Date "2015.11.28"]
[Round "4.1"]
[White "Rodriguez Mellado, Antonio"]
[Black "Alhambra Zarco, Raul"]
[Result "0-1"]
[WhiteElo "2013"]
[BlackElo "1589"]
[PlyCount "62"]
[EventDate "2015.10.17"]
[EventType "team-tourn"]
[EventRounds "14"]
[EventCountry "ESP"]
[SourceTitle "CBM 170 Extra"]
[Source "ChessBase"]
[SourceDate "2016.02.25"]
[SourceVersion "1"]
[SourceVersionDate "2016.02.25"]
[SourceQuality "1"]
[WhiteTeam "Hotel Avda de Canarias II"]
[BlackTeam "Panaderia Pulido San Mateo"]
[WhiteTeamCountry "ESP"]
[BlackTeamCountry "ESP"]

1. e4 e5 2. Nf3 Nc6 3. Bc4 Nf6 4. d3 Be7 5. 0-0 0-0 6. c3 d5 7. exd5 Nxd5 8. Re1 Bg4 9. h3 Bh5 10. g4 Bg6 11. Nxe5 Nxe5 12. Rxe5 Nb6 13. Bb3 Bf6 14. Re1 Qxd3 15. Qxd3 Bxd3 16. Bf4 c5 17. a4 Rfe8 18. Na3 Be7 19. Rad1 c4 20. Bc2 Bxa3 21. Bxd3 Bxb2 22. Be4 Bxc3 23. Re3 Bb2 24. Bxb7 Rad8 25. Kg2 g6 26. Rd6 c3 27. Rxd8 Rxd8 28. Be5 Nc4 29. Bf6 Nxe3+ 30. fxe3 Rd2+ 31. Kf3 Ba1 0-1

[Event "Las Palmas Insular-chT Pref-B"]
[Site "Las Palmas"]
[Date "2015.11.14"]
[Round "3.2"]
[White "Amador Garcia, Ismael"]
[Black "Alhambra Zarco, Raul"]
[Result "1/2-1/2"]
[WhiteElo "1602"]
[BlackElo "1589"]
[PlyCount "59"]
[EventDate "2015.10.17"]
[EventType "team-tourn"]
[EventRounds "14"]
[EventCountry "ESP"]
[SourceTitle "CBM 170 Extra"]
[Source "ChessBase"]
[SourceDate "2016.02.25"]
[SourceVersion "1"]
[SourceVersionDate "2016.02.25"]
[SourceQuality "1"]
[WhiteTeam "La Caja de Canarias II"]
[BlackTeam "Panaderia Pulido San Mateo"]
[WhiteTeamCountry "ESP"]
[BlackTeamCountry "ESP"]

1. e4 e5 2. Nf3 Nc6 3. Bc4 Nf6 4. d3 Be7 5. c3 d5 6. exd5 Nxd5 7. 0-0 0-0 8. Re1 Bf6 9. Nbd2 Nf4 10. Ne4 Bg4 11. h3 Bh5 12. Bxf4 exf4 13. d4 Re8 14. Bd3 h6 15. Ned2 Qd7 16. Qc2 Ne7 17. Ne5 Bxe5 18. Rxe5 Bg6 19. Rae1 Bxd3 20. Qxd3 Ng6 21. Rxe8+ Rxe8 22. Rxe8+ Qxe8 23. Qe4 Qb5 24. Nb3 b6 25. Qa8+ Kh7 26. Qxa7 Qe2 27. Qxc7 Qe1+ 28. Kh2 Qxf2 29. Qxf7 Nh4 30. Qd5 1/2-1/2

[Event "Las Palmas Insular-chT Pref-B"]
[Site "Las Palmas"]
[Date "2015.03.28"]
[Round "12.1"]
[White "Alhambra Zarco, Raul"]
[Black "Arana Herrera, Antonio"]
[Result "0-1"]
[WhiteElo "1611"]
[BlackElo "1887"]
[PlyCount "53"]
[EventDate "2014.11.22"]
[EventType "team-tourn"]
[EventRounds "14"]
[EventCountry "ESP"]
[SourceTitle "EXT 2016"]
[Source "ChessBase"]
[SourceDate "2015.10.08"]
[SourceVersion "1"]
[SourceVersionDate "2015.10.08"]
[SourceQuality "1"]
[WhiteTeam "Pulido San Mateo II"]
[BlackTeam "Los Llanos Telde"]
[WhiteTeamCountry "ESP"]
[BlackTeamCountry "ESP"]

1. e4 c5 2. Nf3 Nc6 3. d4 cxd4 4. Nxd4 Nf6 5. Nc3 e5 6. Ndb5 d6 7. Nd5 Nxd5 8. exd5 Nb8 9. c4 Be7 10. Bd3 0-0 11. 0-0 f5 12. Bd2 Bd7 13. a4 a6 14. Nc3 Be8 15. a5 Nd7 16. Na4 Bg6 17. Qe2 Rc8 18. b4 e4 19. Bb1 Bf6 20. Ra2 Be5 21. f3 Qe7 22. fxe4 fxe4 23. Be3 Qh4 24. Rxf8+ Rxf8 25. g4 Qh3 26. Bg5 Bxh2+ 27. Kh1 0-1

[Event "Las Palmas Insular-chT Pref-A"]
[Site "Las Palmas"]
[Date "2015.03.07"]
[Round "9.4"]
[White "Alhambra Zarco, Raul"]
[Black "Hernandez Delgado, Christopher"]
[Result "1-0"]
[WhiteElo "1611"]
[BlackElo "1565"]
[PlyCount "103"]
[EventDate "2014.11.22"]
[EventType "team-tourn"]
[EventRounds "14"]
[EventCountry "ESP"]
[SourceTitle "EXT 2016"]
[Source "ChessBase"]
[SourceDate "2015.10.08"]
[SourceVersion "1"]
[SourceVersionDate "2015.10.08"]
[SourceQuality "1"]
[WhiteTeam "Pulido San Mateo"]
[BlackTeam "Canarias de Vecindario"]
[WhiteTeamCountry "ESP"]
[BlackTeamCountry "ESP"]

1. e4 c6 2. d4 d5 3. e5 e6 4. Nf3 c5 5. c3 Nc6 6. Bd3 a5 7. a4 Qb6 8. Bc2 cxd4 9. cxd4 Nb4 10. 0-0 Ne7 11. Nc3 Bd7 12. Bb1 h6 13. Ra3 Nec6 14. Rb3 Qa6 15. Nb5 Rc8 16. Bd2 Na7 17. Nxa7 Qxa7 18. Bxb4 Bxa4 19. Bxf8 Bxb3 20. Qxb3 Rxf8 21. Qb5+ Ke7 22. Bd3 Rc7 23. Ra1 b6 24. Qa4 Rfc8 25. Qa3+ Ke8 26. Bb5+ Rd7 27. Qa4 Kd8 28. Bxd7 Qxd7 29. Qxd7+ Kxd7 30. Ne1 Rc4 31. Rd1 Kc6 32. Rd2 Kb5 33. Kf1 Ka4 34. Rd3 Rb4 35. Rd2 Kb3 36. Nd3 Rxd4 37. Nc1+ Kc4 38. Rc2+ Kb5 39. g3 Rc4 40. Rxc4 Kxc4 41. Ke2 Kd4 42. f4 a4 43. Kd2 g5 44. Ne2+ Ke4 45. Nc3+ Kf3 46. fxg5 hxg5 47. Nxa4 b5 48. Nc3 g4 49. Nxb5 Ke4 50. b4 Kxe5 51. Ke3 f5 52. Nd4 1-0

[Event "Las Palmas Insular-chT Pref-B"]
[Site "Las Palmas"]
[Date "2014.12.13"]
[Round "2.1"]
[White "Alhambra Zarco, Raul"]
[Black "Santana Montjoy, Javier"]
[Result "1/2-1/2"]
[WhiteElo "1611"]
[BlackElo "1757"]
[PlyCount "63"]
[EventDate "2014.11.22"]
[EventType "team-tourn"]
[EventRounds "14"]
[EventCountry "ESP"]
[SourceTitle "EXT 2016"]
[Source "ChessBase"]
[SourceDate "2015.10.08"]
[SourceVersion "1"]
[SourceVersionDate "2015.10.08"]
[SourceQuality "1"]
[WhiteTeam "Pulido San Mateo II"]
[BlackTeam "La Caja de Canarias II"]
[WhiteTeamCountry "ESP"]
[BlackTeamCountry "ESP"]

1. e4 c5 2. Nf3 d6 3. d4 cxd4 4. Nxd4 Nf6 5. Nc3 g6 6. Bc4 Bg7 7. Bb3 Nc6 8. Be3 0-0 9. h3 Na5 10. Qd2 Nxb3 11. axb3 d5 12. exd5 Nxd5 13. Nxd5 Qxd5 14. 0-0 a6 15. Rfd1 b5 16. Qb4 Bb7 17. Nf3 Qh5 18. Nh2 e6 19. Rd7 Bd5 20. c4 Be4 21. c5 Bd5 22. Bd4 Qg5 23. Ng4 a5 24. Qc3 b4 25. Qd3 f6 26. Ne3 Bf3 27. Qc4 Kh8 28. Qxe6 Rae8 29. Re7 Rd8 30. Rd7 Rde8 31. Re7 Rd8 32. Rd7 1/2-1/2

[Event "Las Palmas Insular-chT Pref-B"]
[Site "Las Palmas"]
[Date "2014.11.22"]
[Round "1.2"]
[White "Alhambra Zarco, Raul"]
[Black "Navarro Guerra del Rio, Cristian"]
[Result "0-1"]
[WhiteElo "1611"]
[BlackElo "1885"]
[PlyCount "102"]
[EventDate "2014.11.22"]
[EventType "team-tourn"]
[EventRounds "14"]
[EventCountry "ESP"]
[SourceTitle "EXT 2016"]
[Source "ChessBase"]
[SourceDate "2015.10.08"]
[SourceVersion "1"]
[SourceVersionDate "2015.10.08"]
[SourceQuality "1"]
[WhiteTeam "Pulido San Mateo II"]
[BlackTeam "La Caja de Vecindario II"]
[WhiteTeamCountry "ESP"]
[BlackTeamCountry "ESP"]

1. e4 d5 2. exd5 Nf6 3. d4 Nxd5 4. Nf3 Bg4 5. Be2 e6 6. 0-0 Be7 7. c4 Nb6 8. b3 0-0 9. Bb2 c5 10. dxc5 Bxc5 11. Nc3 Qe7 12. Qc2 Nc6 13. Rad1 Nb4 14. Qe4 Bf5 15. Qh4 Qxh4 16. Nxh4 Bc2 17. Rc1 Bd3 18. a3 Bxe2 19. Nxe2 Nd3 20. Rb1 Nxb2 21. Rxb2 Bxa3 22. Rd2 Rfd8 23. Rfd1 Rxd2 24. Rxd2 Be7 25. Nf3 Rd8 26. Rxd8+ Bxd8 27. Ned4 a6 28. Kf1 Bc7 29. Ke2 e5 30. Nf5 g6 31. Ng3 f5 32. Ng5 Nd7 33. Nf1 b5 34. Nd2 h6 35. Ne6 Bd6 36. Nd8 Kf8 37. Nb7 Bb4 38. Nf3 Ke7 39. Ne1 Nc5 40. Nd3 Nxd3 41. Kxd3 Kd7 42. c5 Kc6 43. Nd8+ Kxc5 44. f3 Kd5 45. Nf7 Bf8 46. h4 a5 47. Kc3 e4 48. fxe4+ fxe4 49. Nd8 Bb4+ 50. Kc2 a4 51. Nf7 e3 0-1

[Event "Las Palmas Insular-chT 1a 1314"]
[Site "Las Palmas"]
[Date "2014.03.22"]
[Round "12.1"]
[White "Alhambra Zarco, Raul"]
[Black "Camino Carrio, Nicanor"]
[Result "0-1"]
[WhiteElo "1649"]
[BlackElo "2045"]
[PlyCount "102"]
[EventDate "2013.11.09"]
[EventType "team-tourn"]
[EventRounds "14"]
[EventCountry "ESP"]
[SourceTitle "EXT 2015"]
[Source "ChessBase"]
[SourceDate "2014.11.20"]
[SourceVersion "1"]
[SourceVersionDate "2014.11.20"]
[SourceQuality "1"]
[WhiteTeam "Panaderia Pulido San Mateo  III"]
[BlackTeam "Piscolabis Oleaje San Andres"]
[WhiteTeamCountry "ESP"]
[BlackTeamCountry "ESP"]

1. e4 c5 2. Nf3 d6 3. d4 cxd4 4. Nxd4 Nf6 5. Nc3 g6 6. Bc4 Bg7 7. h3 0-0 8. 0-0 Nc6 9. Be3 Bd7 10. Bb3 Rc8 11. Re1 Qa5 12. Qd2 Rfd8 13. Rad1 a6 14. Nd5 Qxd2 15. Rxd2 Nxd5 16. Nxc6 bxc6 17. exd5 c5 18. c3 a5 19. Bd1 h6 20. Bf4 g5 21. Bg3 Bf6 22. Re4 Rb8 23. Ba4 Bf5 24. Rc4 Rb6 25. Bc6 Rdb8 26. b3 Bc8 27. Rc2 Ba6 28. Ra4 Bd3 29. Rc1 c4 30. bxc4 Rb1 31. Rxb1 Rxb1+ 32. Kh2 Bxc3 33. Ra3 Rc1 34. Bb5 Bf1 35. Rb3 Bb4 36. Re3 Kf8 37. Re4 Bc5 38. h4 Bd3 39. Rg4 f5 40. hxg5 fxg4 41. gxh6 Rc2 42. Bd7 Bxf2 43. Bxg4 Bxg3+ 44. Kxg3 Kg8 45. Kf4 Rxc4+ 46. Kg5 Rc2 47. Be6+ Kh8 48. g4 Rxa2 49. Kf4 a4 50. g5 a3 51. Bf7 Rf2+ 0-1

[Event "Las Palmas Insular-chT Primera-B"]
[Site "Las Palmas"]
[Date "2014.02.22"]
[Round "10.3"]
[White "Mikoleizig, Egenhard"]
[Black "Alhambra Zarco, Raul"]
[Result "1-0"]
[WhiteElo "2145"]
[BlackElo "1649"]
[PlyCount "76"]
[EventDate "2013.11.09"]
[EventType "team-tourn"]
[EventRounds "14"]
[EventCountry "ESP"]
[SourceTitle "EXT 2015"]
[Source "ChessBase"]
[SourceDate "2014.11.20"]
[SourceVersion "1"]
[SourceVersionDate "2014.11.20"]
[SourceQuality "1"]
[WhiteTeam "Maspalomas"]
[BlackTeam "Panaderia Pulido San Mateo "]
[WhiteTeamCountry "ESP"]
[BlackTeamCountry "ESP"]

1. e4 e6 2. d4 d5 3. exd5 exd5 4. Nf3 Nf6 5. h3 Bb4+ 6. c3 Bd6 7. Bd3 0-0 8. 0-0 h6 9. Re1 Re8 10. Be3 b6 11. Nbd2 Ba6 12. Bc2 Nbd7 13. Nf1 Ne4 14. N3d2 Bxf1 15. Nxf1 Qh4 16. f3 Nef6 17. Qd2 Nh7 18. Ba4 Qd8 19. Bc6 Rb8 20. Bxd5 Ndf6 21. Bb3 Qd7 22. Bf4 Nh5 23. Bxd6 Qxd6 24. Rxe8+ Rxe8 25. Re1 Rd8 26. Re2 Ng5 27. Qe1 Kh7 28. h4 Nf4 29. hxg5 Nxe2+ 30. Qxe2 hxg5 31. Bxf7 c6 32. Qd3+ g6 33. Bb3 Qf4 34. Qe4 a5 35. Kf2 Qf5 36. Qxf5 gxf5 37. Bc2 Kg6 38. g4 Rd7 1-0

[Event "Las Palmas Insular-chT Primera-A"]
[Site "Las Palmas"]
[Date "2013.12.14"]
[Round "4.2"]
[White "Ruiz Romero, Pedro"]
[Black "Alhambra Zarco, Raul"]
[Result "1-0"]
[WhiteElo "1766"]
[BlackElo "1649"]
[PlyCount "113"]
[EventDate "2013.11.09"]
[EventType "team-tourn"]
[EventRounds "14"]
[EventCountry "ESP"]
[SourceTitle "EXT 2015"]
[Source "ChessBase"]
[SourceDate "2014.11.20"]
[SourceVersion "1"]
[SourceVersionDate "2014.11.20"]
[SourceQuality "1"]
[WhiteTeam "La Bagacera"]
[BlackTeam "San Mateo "]
[WhiteTeamCountry "ESP"]
[BlackTeamCountry "ESP"]

1. c4 e6 2. g3 Nf6 3. Bg2 c5 4. Nf3 Nc6 5. d4 d5 6. cxd5 Nxd5 7. 0-0 Be7 8. Nc3 Nxc3 9. bxc3 0-0 10. e4 Qb6 11. d5 Rd8 12. Be3 exd5 13. exd5 Bf5 14. Qd2 Na5 15. Bf4 Bf6 16. Rfd1 Be4 17. d6 Nc4 18. Qe2 Bxf3 19. Qxf3 Nxd6 20. Rab1 Qa6 21. Bxd6 Rxd6 22. Rxd6 Qxd6 23. Rxb7 Rd8 24. Rxa7 Qd1+ 25. Qxd1 Rxd1+ 26. Bf1 g6 27. Kg2 Bxc3 28. Bc4 Rd2 29. Rxf7 Kh8 30. a4 Bd4 31. a5 Rc2 32. Bd5 Rc3 33. a6 c4 34. a7 Bxa7 35. Rxa7 Rc1 36. Rc7 c3 37. Kf3 c2 38. Be4 Rh1 39. Rxc2 Rxh2 40. Kg4 Kg7 41. f4 Rh5 42. Kf3 Ra5 43. Rc3 Kf6 44. g4 Ra1 45. g5+ Ke6 46. Re3 Kd6 47. Kg4 Rg1+ 48. Rg3 Re1 49. Bf3 Kc5 50. Bg2 Rg1 51. f5 gxf5+ 52. Kxf5 Kd6 53. Kf6 Re1 54. Bh3 Re8 55. Kg7 Re7+ 56. Kh6 Rc7 57. Bf5 1-0

[Event "Las Palmas Insular-chT Primera-A"]
[Site "Las Palmas"]
[Date "2013.11.23"]
[Round "3.1"]
[White "Alhambra Zarco, Raul"]
[Black "Martinez Molina, Jose Juan"]
[Result "0-1"]
[WhiteElo "1649"]
[BlackElo "1861"]
[PlyCount "140"]
[EventDate "2013.11.09"]
[EventType "team-tourn"]
[EventRounds "14"]
[EventCountry "ESP"]
[SourceTitle "EXT 2015"]
[Source "ChessBase"]
[SourceDate "2014.11.20"]
[SourceVersion "1"]
[SourceVersionDate "2014.11.20"]
[SourceQuality "1"]
[WhiteTeam "San Mateo "]
[BlackTeam "Villa de Teror "]
[WhiteTeamCountry "ESP"]
[BlackTeamCountry "ESP"]

1. e4 c5 2. Nf3 d6 3. d4 cxd4 4. Nxd4 Nf6 5. Nc3 a6 6. Bc4 e6 7. Bb3 Qc7 8. 0-0 Nc6 9. a3 Be7 10. Be3 b5 11. Qd2 Na5 12. Rad1 0-0 13. Qe2 Nxb3 14. Nxb3 Bb7 15. Bg5 Rfd8 16. Rd3 h6 17. Bf4 Nd7 18. Qh5 Nf6 19. Qe2 Rac8 20. Rfd1 e5 21. Bg3 Nd7 22. f4 exf4 23. Bxf4 Ne5 24. Rg3 Kh7 25. Qf2 Ng6 26. Rf3 Nxf4 27. Rxf4 Bf6 28. Rd3 Re8 29. Rg3 Qe7 30. Rd3 Rc7 31. Nd4 Be5 32. Nf5 Qf8 33. Rg4 g6 34. Ne3 Bxc3 35. bxc3 Rxe4 36. Rxe4 Bxe4 37. Rd4 Ba8 38. Qf6 Qe7 39. Qxe7 Rxe7 40. Kf2 Re6 41. a4 Kg7 42. axb5 axb5 43. g3 Kf8 44. Nd5 Bc6 45. Nc7 Re5 46. Rxd6 Rc5 47. Rxg6 Be4 48. Na6 Rxc3 49. Rxh6 Rxc2+ 50. Ke3 Bg6 51. Rh4 Rb2 52. Kd4 b4 53. Kc5 b3 54. Kb4 Ra2 55. Kxb3 Rxa6 56. Kc4 Ra4+ 57. Kd5 Rxh4 58. gxh4 Ke7 59. Ke5 Bc2 60. h5 f6+ 61. Kf4 Kf7 62. h3 Kg7 63. h4 Kh6 64. Kg4 Bd3 65. Kf4 Kxh5 66. Kg3 Kg6 67. Kf4 Kh5 68. Kg3 f5 69. Kh3 Be2 70. Kg3 Bg4 0-1

[Event "Arucas op 8th"]
[Site "Arucas"]
[Date "2012.06.23"]
[Round "6"]
[White "Alhambra Zarco, Raul"]
[Black "Rojas Mirabal, Pedro"]
[Result "0-1"]
[WhiteElo "1613"]
[BlackElo "2037"]
[PlyCount "48"]
[EventDate "2012.06.18"]
[EventType "swiss"]
[EventRounds "6"]
[EventCountry "ESP"]
[SourceTitle "CBM 149 Extra"]
[Source "ChessBase"]
[SourceDate "2012.08.24"]
[SourceVersion "1"]
[SourceVersionDate "2012.08.24"]
[SourceQuality "1"]

1. e4 c5 2. Nf3 d6 3. d4 cxd4 4. Nxd4 Nf6 5. Nc3 g6 6. f3 Bg7 7. Be3 0-0 8. Qd2 Nc6 9. Nxc6 bxc6 10. 0-0-0 Qa5 11. g4 Be6 12. a3 Rab8 13. Ne2 Nxe4 14. Qxa5 Bxb2+ 15. Kb1 Nc3+ 16. Qxc3 Bxc3+ 17. Kc1 Bb2+ 18. Kd2 Bxa3 19. Nc3 Bb4 20. Bd3 c5 21. Bg5 d5 22. Bxe7 Rfe8 23. Bxc5 Bxc5 24. Ke2 Bxg4+ 0-1

[Event "Arucas op 8th"]
[Site "Arucas"]
[Date "2012.06.21"]
[Round "4"]
[White "Alhambra Zarco, Raul"]
[Black "Perera Ramirez, Manuel"]
[Result "1/2-1/2"]
[WhiteElo "1613"]
[BlackElo "1713"]
[PlyCount "23"]
[EventDate "2012.06.18"]
[EventType "swiss"]
[EventRounds "6"]
[EventCountry "ESP"]
[SourceTitle "CBM 149 Extra"]
[Source "ChessBase"]
[SourceDate "2012.08.24"]
[SourceVersion "1"]
[SourceVersionDate "2012.08.24"]
[SourceQuality "1"]

1. e4 e6 2. d4 d5 3. Nd2 Nf6 4. e5 Nfd7 5. Ngf3 c5 6. c3 Nc6 7. Bb5 Qb6 8. Bxc6 bxc6 9. 0-0 cxd4 10. cxd4 Ba6 11. Re1 c5 12. Nb3 1/2-1/2

[Event "Arucas op 8th"]
[Site "Arucas"]
[Date "2012.06.19"]
[Round "2"]
[White "Alhambra Zarco, Raul"]
[Black "Biscarri Candalia, Oscar"]
[Result "1/2-1/2"]
[WhiteElo "1613"]
[BlackElo "1528"]
[PlyCount "105"]
[EventDate "2012.06.18"]
[EventType "swiss"]
[EventRounds "6"]
[EventCountry "ESP"]
[SourceTitle "CBM 149 Extra"]
[Source "ChessBase"]
[SourceDate "2012.08.24"]
[SourceVersion "1"]
[SourceVersionDate "2012.08.24"]
[SourceQuality "1"]

1. e4 c5 2. Nf3 d6 3. d4 cxd4 4. Nxd4 Nf6 5. Nc3 g6 6. Be3 Bg7 7. Qd2 Nc6 8. 0-0-0 Nxd4 9. Bxd4 0-0 10. Kb1 Qa5 11. Be2 e5 12. Be3 Be6 13. Qxd6 Rfc8 14. Nd5 Nxd5 15. exd5 Rd8 16. Qc5 Qxc5 17. Bxc5 Rxd5 18. Rxd5 Bxd5 19. f3 b6 20. Bf2 Bf6 21. Rd1 Rd8 22. Bg3 e4 23. fxe4 Bxe4 24. Rxd8+ Bxd8 25. Bf3 Bxf3 26. gxf3 f5 27. c4 a5 28. Kc2 Kf7 29. Kb3 Be7 30. Ka4 Bc5 31. Kb5 Ke7 32. Bc7 Kd7 33. Bxb6 Bxb6 34. Kxb6 a4 35. c5 g5 36. c6+ Kc8 37. Kc5 g4 38. fxg4 fxg4 39. b4 axb3 40. axb3 h5 41. Kd4 h4 42. Ke3 g3 43. h3 Kc7 44. Kf3 Kxc6 45. Kg2 Kc5 46. Kf3 Kb4 47. Kg2 Kxb3 48. Kf3 Kc3 49. Ke3 Kc4 50. Kf3 Kd4 51. Kg2 Ke4 52. Kg1 Kf3 53. Kf1 1/2-1/2